Normal view
MARC view
- Zandy, Bernard V
Entry Personal Name
001 - CONTROL NUMBER
- control field: 106897
003 - CONTROL NUMBER IDENTIFIER
- control field: NUST
005 - DATE AND TIME OF LATEST TRANSACTION
- control field: 20230116144629.0
008 - FIXED-LENGTH DATA ELEMENTS
- fixed length control field: 230116|| aca||aabn | a|a d
040 ## - CATALOGING SOURCE
- Original cataloging agency: NUST
- Transcribing agency: NUST
100 ## - HEADING--PERSONAL NAME
- Personal name: Zandy, Bernard V
670 ## - SOURCE DATA FOUND
- Source citation: Work cat.: (NUST)185978: Covino, William A. 106895, Cliffs Graduate record examination aptitude test :, c1982.
